000 00921cam a2200385 4500
008 090401t1987 xxu||||| |||| 00| 0 eng d
020 _a0906527295
035 _a(Sirsi) u63556
041 _aeng
050 _a333.335
100 _aNix, John
245 _aLand and estate management
260 _aChichester
_bPackard Publishing Limited
_c1987
300 _aviii,214p. : ill. ; 23cm.
350 _a8.95
650 _aAGRICULTURAL HOLDINGS
650 _aCONSERVATION
650 _aEMPLOYMENT
650 _aFARM LAND
650 _aFARM RENTS
650 _aFARM WOODLANDS
650 _aFARMING
650 _aFORESTRY
650 _aLAND OWNERSHIP
650 _aPLANNING
650 _aPOLLUTION
650 _aRECREATION
650 _aRIGHTS OF WAY
650 _aSPORTS
650 _aTAXATION
700 _aHill, Paul
700 _aWilliams, Nigel
942 _n0
948 _c04/03/1997
999 _c94580
_d94580